|
|
|
|
| LEADER |
00000ny a22000003n 4500 |
| 005 |
20110614111517.0 |
| 008 |
050721s2008 sp spa d |
| 020 |
|
|
|a 9788495748560
|
| 035 |
|
|
|a 2561
|
| 040 |
|
|
|a ULL
|d vlex
|
| 080 |
|
|
|a 321.01
|
| 080 |
|
|
|a 342(649)
|
| 090 |
|
|
|c 647
|d 647
|
| 245 |
0 |
0 |
|a Temas de polt̕ica y gobierno en Canarias
|h [Recurso electrn̤ico]
|c Jos ̌Adriǹ Garca̕ Rojas, coor.
|
| 256 |
|
|
|a Servicio en ln̕ea
|
| 260 |
|
|
|a Madrid :
|b Dijusa,
|c 2008
|
| 300 |
|
|
|a p. ;
|c cm
|
| 506 |
1 |
|
|a Contenido solo disponible en los productos indicados
|d vLex Global
|d vLex Global (Academic Edition, excluding Law Schools)
|d vLex Global (U.S. Academic Edition, Law Schools)
|d vLex Global (U.S. Academic Edition, excluding Law Schools)
|d vLex Global (Academic Edition, Law Schools)
|
| 650 |
0 |
7 |
|a Constitucional
|2 Tesauro vLex
|
| 650 |
0 |
7 |
|a Derecho foral de canarias
|2 Tesauro vLex
|
| 651 |
|
4 |
|a Canarias
|x Polt̕ica y gobierno
|
| 700 |
1 |
|
|a Garca̕ Rojas, Jos ̌Adriǹ,
|e coord.
|
| 740 |
0 |
|
|a vLex Libros (Servicios en ln̕ea)
|
| 856 |
4 |
0 |
|u http://vlex.com/source/2561
|z Acceso restringido
|
| 942 |
|
|
|c BOOK
|
| 999 |
0 |
|
|a Constitutional law
|b Madrid
|